000 00877cab a2200241 4500
001 WB3127-31
008 090401t xxu||||| |||| 00| 0 eng d
035 _a(Sirsi) u29017
041 _aeng
245 _aLimitation period
260 _c11 July 1995. 28(1)
350 _a0
490 _aFinancial Times
_v11 July 1995. 28(1)
520 _a"Sheldon and others v R H M Outhwaite (Underwriting Agencies) Ltd and others" (See WB3117-53), in which the limitation period was successfully extended where facts had been concealed, means that surveyors and other advisers could face claims long after the event.
650 _aCONCEALMENT
650 _aLIMITATION ACT 1980 S32(1)(B)
650 _aLIMITATION PERIODS
650 _aLLOYDS NAMES
650 _aNEGLIGENCE
690 _aMANAGEMENT-BUSINESS MANAGEMENT-PROFESSIONAL PRACTICE
942 _n0
948 _c04/03/1997
999 _c19529
_d19529